000
00338nam a2200133Ia 4500
008
240624s9999 xx 000 0 und d
041
_a
eng
082
_a
332 KEI
100
_a
KEIJSER THOMAS
245
_a
FINANCIAL COLLATERAL ARRANGEMENTS
260
_c
2006
_a
Netherlands
_b
Kluwer
300
_a
xxiii, : 430p. ; 24cm.
365
_c
ERU
_b
26
999
_c
20073
_d
20073